| 000 | 00706nam a22002297a 4500 | ||
|---|---|---|---|
| 001 | 77596 | ||
| 003 | BD-RjUL | ||
| 005 | 20211209083011.0 | ||
| 008 | 200924r19581946 ||||| |||| 00| 0 eng d | ||
| 035 | _a(BD-RjUL)77822 | ||
| 040 |
_aBD-RjUL _beng _cBD-RjUL |
||
| 041 | _aeng | ||
| 082 |
_a822.33 _bSHW 1958 |
||
| 245 | 1 | 4 |
_aThe works of William Shakespeare / _cedited by John Dover Wilson |
| 260 |
_aBritain : _bCambridge University , _c1958 |
||
| 300 |
_axlvii, 210 p ; _c19 cm. |
||
| 490 | _athe first part of the history of Henry iv ; | ||
| 504 | _aIncludes bibliographical Index | ||
| 600 |
_aShakespeare, William, _d1564-1616 _9242295 |
||
| 700 |
_aWilson, John Dover _9242296 |
||
| 942 |
_2ddc _cBK |
||
| 999 |
_c77596 _d77596 |
||